| 000 | 02223nam a2200493 c 4500 | ||
|---|---|---|---|
| 001 | 52234 | ||
| 003 | ES-MaCES | ||
| 005 | 20250203133828.0 | ||
| 008 | 220421s2021 sp 100 ||spa d | ||
| 017 |
_aMU 965-2021 _bDL |
||
| 020 | _a9788417789831 (o.c.) | ||
| 020 | _a9788417789848 (t. I) | ||
| 020 | _a9788417789855 (t. II) | ||
| 040 |
_aES-MaCES _bspa _cES-MaCES |
||
| 110 | 2 |
_aAsociación Española de Salud y Seguridad Social _bCongreso Nacional _n18ª _d2021 _cMadrid _940289 |
|
| 245 | 1 | 4 |
_aSeguridad Social para todas las personas _b: la protección de la Seguridad Social a las personas en situación de vulnerabilidad económica y fomento de su inclusión social : a propósito del trígésimo aniversario de la inclusión en el sistema de Seguridad Social de prestaciones no contributivas _cV Congreso Internacional y VXIII Congreso Nacional de la Asociación Española de Salud y Seguridad Social, [Madrid, 15 y 16 de octubre de 2021] ; [autores], M. Carmen Aguilar Martín ... [et al.] |
| 250 | _a1ª ed | ||
| 260 |
_aMurcia _bLaborum _c2021 |
||
| 300 |
_a2 v. (792, 563) _c25 cm |
||
| 504 | _aBibliografía | ||
| 541 | _cCompra | ||
| 650 | 4 |
_aseguridad social _927034 |
|
| 650 | 4 |
_aprotección social _929076 |
|
| 650 | 4 |
_aexclusión social _930629 |
|
| 650 | 4 |
_asocialmente desfavorecidos _929219 |
|
| 650 | 4 |
_abajos ingresos _929048 |
|
| 650 | 4 |
_apobreza _927112 |
|
| 650 | 4 |
_aintegración social _927283 |
|
| 650 | 4 |
_arégimen universal de prestaciones _930153 |
|
| 650 | 4 |
_aprestaciones no contributivas _930900 |
|
| 650 | 4 |
_aingreso garantizado _929342 |
|
| 650 | 4 |
_aEspaña _926964 |
|
| 650 | 4 |
_alegislación de seguridad social _929855 |
|
| 650 | 4 |
_acampo de aplicación _930263 |
|
| 650 | 4 |
_aderecho comunitario _929866 |
|
| 650 | 4 |
_aderecho comparado _929868 |
|
| 650 | 4 |
_aconferencia _927013 |
|
| 653 | 1 | 0 | _aSeguridad Social |
| 700 | 1 |
_95684 _aAguilar Martín, María Carmen |
|
| 710 | 2 | 2 |
_940290 _aAsociación Española de Salud y Seguridad Social _bCongreso Internacional _n5º _d2021 _cMadrid |
| 787 | 0 |
_tLos retos actuales de la asistencia sanitaria española en el contexto de la Unión Europea _w(ES-MaCES)48674 |
|
| 902 | _aLIB Libro | ||
| 942 |
_2CES _cBK _h3.0. |
||
| 999 |
_c52234 _d52234 |
||